000 00346nam a2200133Ia 4500
005 20260328101450.0
008 260328s9999||||xx |||||||||||||| ||und||
100 _aMoia, José Luis
245 0 _aCómo debe Proyectarse una Vivienda /
_cJosé Luis Moia
260 _bWindsor
300 _a309 p.
650 _aARQUITECTURA RESIDENCIAL
942 _cBK
999 _c8633
_d8633